[Event "FICGS W-ch final email"]
[Site "FICGS email"]
[Date "2020.03.02"]
[Round "1"]
[White "Ludgate, Alan"]
[Black "Tkac, Matus"]
[Result "1/2-1/2"]
[WhiteElo "2338"]
[BlackElo "2260"]
[PlyCount "69"]
[EventDate "2020.??.??"]
[EventType "tourn (corr)"]
[EventRounds "6"]
[EventCategory "5"]
[SourceTitle "Corr 2022"]
[Source "ChessBase"]
[SourceDate "2021.10.24"]
[SourceVersion "1"]
[SourceVersionDate "2021.10.24"]
[SourceQuality "1"]

1. d4 Nf6 2. c4 e6 3. Nc3 Bb4 4. f3 c5 5. d5 0-0 6. e4 b5 7. Nh3 bxc4 8. Bxc4 Nxd5 9. Bxd5 exd5 10. Qxd5 Ba6 11. Bf4 Nc6 12. Kf2 c4 13. Rhd1 Ba5 14. Kf1 Qb6 15. Rab1 Nb4 16. Qf5 d5 17. Ng5 Qg6 18. Qxg6 hxg6 19. Bd6 Nd3 20. Nxd5 Rfd8 21. e5 Rd7 22. Kg1 Bb7 23. Ne7+ Rxe7 24. Bxe7 Bb6+ 25. Kf1 Nxe5 26. Bb4 c3 27. Bxc3 Ba6+ 28. Ke1 Re8 29. Kd2 Nc4+ 30. Kc2 Ne3+ 31. Kb3 Bc4+ 32. Ka3 Bc5+ 33. Bb4 Bxb4+ 34. Kxb4 Rb8+ 35. Kc3 1/2-1/2

[Event "FICGS W-ch st1 gM 01 email"]
[Site "FICGS email"]
[Date "2020.03.01"]
[Round "1"]
[White "Fric, Lubos"]
[Black "Tkac, Matus"]
[Result "1/2-1/2"]
[WhiteElo "2273"]
[BlackElo "2260"]
[PlyCount "46"]
[EventDate "2020.??.??"]
[EventType "tourn (corr)"]
[EventRounds "6"]
[EventCategory "1"]
[SourceTitle "Corr 2022"]
[Source "ChessBase"]
[SourceDate "2021.10.24"]
[SourceVersion "1"]
[SourceVersionDate "2021.10.24"]
[SourceQuality "1"]

1. e4 e5 2. Nf3 Nc6 3. Bb5 a6 4. Ba4 Nf6 5. 0-0 Be7 6. Re1 b5 7. Bb3 0-0 8. c3 d5 9. d4 exd4 10. e5 Ne4 11. cxd4 Bf5 12. h3 Rc8 13. Nc3 Nb4 14. Be3 c5 15. dxc5 Nxc3 16. bxc3 Nd3 17. Re2 Nxc5 18. Bxd5 Ne4 19. Bxe4 Bxe4 20. Ne1 Qxd1 21. Rxd1 Bf5 22. g4 Be6 23. Ng2 Rfd8 1/2-1/2

[Event "FICGS W-ch st1 gN 02 email"]
[Site "FICGS email"]
[Date "2018.11.01"]
[Round "1"]
[White "Tkac, Matus"]
[Black "Kerr, Graham"]
[Result "1/2-1/2"]
[WhiteElo "2244"]
[BlackElo "2208"]
[PlyCount "41"]
[EventDate "2018.??.??"]
[EventType "tourn (corr)"]
[EventRounds "6"]
[SourceTitle "Corr 2022"]
[Source "ChessBase"]
[SourceDate "2021.10.24"]
[SourceVersion "1"]
[SourceVersionDate "2021.10.24"]
[SourceQuality "1"]

1. e4 c5 2. Nf3 d6 3. d4 cxd4 4. Nxd4 Nf6 5. Nc3 a6 6. h3 e5 7. Nb3 Be7 8. Be3 h6 9. Qd3 Be6 10. 0-0-0 Nbd7 11. g4 b5 12. f4 Bc4 13. Qd2 Bxf1 14. Rhxf1 b4 15. Ne2 a5 16. Kb1 a4 17. Nbc1 exf4 18. Bxf4 0-0 19. Ng3 Re8 20. Qxb4 d5 21. Qb5 1/2-1/2

[Event "FICGS W-ch st1 gN 02 email"]
[Site "FICGS email"]
[Date "2018.11.01"]
[Round "1"]
[White "Tkac, Matus"]
[Black "Pandey, Manoj"]
[Result "1/2-1/2"]
[WhiteElo "2244"]
[BlackElo "2185"]
[PlyCount "103"]
[EventDate "2018.??.??"]
[EventType "tourn (corr)"]
[EventRounds "6"]
[SourceTitle "Corr 2022"]
[Source "ChessBase"]
[SourceDate "2021.10.24"]
[SourceVersion "1"]
[SourceVersionDate "2021.10.24"]
[SourceQuality "1"]

1. e4 e5 2. Nf3 Nc6 3. Bb5 Nf6 4. 0-0 Nxe4 5. Re1 Nd6 6. Bf1 Be7 7. Nxe5 Nxe5 8. Rxe5 0-0 9. d4 Ne8 10. c4 Bf6 11. Re1 d5 12. cxd5 Qxd5 13. Be3 Qd8 14. Nc3 Nd6 15. Bf4 Be6 16. Bd3 c6 17. Be5 Bxe5 18. dxe5 Nf5 19. Qc2 Nd4 20. Qd2 Kh8 21. Ne4 Qb6 22. b3 Rad8 23. Rad1 Bd5 24. Nd6 f6 25. exf6 Rxf6 26. Nc4 Bxc4 27. Bxc4 c5 28. Re5 Rff8 29. Bd3 Qf6 30. Qe3 Nc6 31. Re6 Qd4 32. Qe1 Qh4 33. h3 Qf4 34. Re2 b6 35. Re4 Qf7 36. Re3 g6 37. Rf3 Rde8 38. Be4 Qg8 39. Rxf8 Qxf8 40. Rd7 Re7 41. Rxe7 Qxe7 42. Kf1 Ne5 43. Qd2 Kg7 44. g3 Qe6 45. Kg2 Nc6 46. Qf4 Ne5 47. Qd2 Nc6 48. Qf4 Ne5 49. Ba8 h5 50. h4 Qd6 51. Qe4 Kh6 52. a4 1/2-1/2

[Event "FICGS W-ch st1 gM 01 email"]
[Site "FICGS email"]
[Date "2018.03.02"]
[Round "1"]
[White "Tkac, Matus"]
[Black "Kireev, Sergey Ivanovich"]
[Result "1/2-1/2"]
[WhiteElo "2205"]
[BlackElo "2203"]
[PlyCount "52"]
[EventDate "2018.??.??"]
[EventType "tourn (corr)"]
[EventRounds "6"]
[EventCategory "1"]
[SourceTitle "Corr 2022"]
[Source "ChessBase"]
[SourceDate "2021.10.24"]
[SourceVersion "1"]
[SourceVersionDate "2021.10.24"]
[SourceQuality "1"]

1. e4 e5 2. Nf3 Nc6 3. d4 exd4 4. Bc4 Nf6 5. e5 d5 6. Bb5 Ne4 7. Nxd4 Bd7 8. Bxc6 bxc6 9. 0-0 Bc5 10. f3 Ng5 11. f4 Ne4 12. Be3 Qb8 13. b3 0-0 14. Qd3 Bb4 15. c3 Ba5 16. Nf3 g6 17. c4 Rd8 18. c5 Qb5 19. Qxb5 cxb5 20. Rc1 Re8 21. a3 b4 22. Nd4 bxa3 23. Nc2 Reb8 24. Rxa3 Bb4 25. Nxb4 Rxb4 26. Nd2 c6 1/2-1/2

[Event "FICGS W-ch st2 g02 email"]
[Site "FICGS email"]
[Date "2016.08.04"]
[Round "1"]
[White "Kuhne, Detlev"]
[Black "Tkac, Matus"]
[Result "1/2-1/2"]
[WhiteElo "2331"]
[BlackElo "2111"]
[PlyCount "47"]
[EventDate "2016.??.??"]
[EventType "tourn (corr)"]
[EventRounds "8"]
[SourceTitle "Corr 2022"]
[Source "ChessBase"]
[SourceDate "2021.10.24"]
[SourceVersion "1"]
[SourceVersionDate "2021.10.24"]
[SourceQuality "1"]

1. e4 e5 2. Nf3 Nf6 3. Nxe5 d6 4. Nf3 Nxe4 5. d4 d5 6. Bd3 Bd6 7. 0-0 0-0 8. c4 c6 9. Re1 Bf5 10. Qb3 Qd7 11. Nc3 Nxc3 12. Bxf5 Qxf5 13. bxc3 b6 14. h3 Nd7 15. cxd5 cxd5 16. Ba3 Bxa3 17. Qxa3 Nf6 18. Re7 h6 19. Rae1 Rfe8 20. Rxe8+ Nxe8 21. Re7 Qc2 22. Rxa7 Rxa7 23. Qxa7 Qxc3 24. Qxb6 1/2-1/2

[Event "FICGS W-ch st2 g02 email"]
[Site "FICGS email"]
[Date "2016.08.04"]
[Round "1"]
[White "Tkac, Matus"]
[Black "Nichols, Scott"]
[Result "1/2-1/2"]
[WhiteElo "2111"]
[BlackElo "2209"]
[PlyCount "61"]
[EventDate "2016.??.??"]
[EventType "tourn (corr)"]
[EventRounds "8"]
[SourceTitle "Corr 2022"]
[Source "ChessBase"]
[SourceDate "2021.10.24"]
[SourceVersion "1"]
[SourceVersionDate "2021.10.24"]
[SourceQuality "1"]

1. e4 c5 2. Nf3 d6 3. d4 cxd4 4. Nxd4 Nf6 5. Nc3 a6 6. Be2 e5 7. Nb3 Be7 8. Qd3 0-0 9. Be3 Be6 10. 0-0 Nbd7 11. Nd5 Bxd5 12. exd5 Ne8 13. Qd2 f5 14. g3 Nef6 15. f3 Rf7 16. Rad1 g6 17. Na5 Qc7 18. Kh1 Bd8 19. b4 Qb8 20. Nc6 bxc6 21. dxc6 Nb6 22. c4 Nc8 23. a4 Kh8 24. f4 Bc7 25. Bf3 e4 26. Be2 Ne7 27. b5 axb5 28. axb5 Kg7 29. c5 dxc5 30. Bc4 Ned5 31. Bxc5 1/2-1/2

[Event "FICGS W-ch st1 g01 email"]
[Site "FICGS email"]
[Date "2015.07.02"]
[Round "1"]
[White "Lipsits, Sasha"]
[Black "Tkac, Matus"]
[Result "0-1"]
[WhiteElo "1820"]
[BlackElo "1999"]
[PlyCount "98"]
[EventDate "2015.??.??"]
[EventType "tourn (corr)"]
[EventRounds "8"]
[SourceTitle "Corr 2022"]
[Source "ChessBase"]
[SourceDate "2021.10.24"]
[SourceVersion "1"]
[SourceVersionDate "2021.10.24"]
[SourceQuality "1"]

1. e4 g6 2. d4 Bg7 3. Nf3 d6 4. Nc3 c6 5. Be2 Qc7 6. 0-0 Nd7 7. h3 Ngf6 8. Bf4 e5 9. dxe5 dxe5 10. Be3 0-0 11. Qc1 b5 12. b4 a5 13. a3 Rd8 14. Rd1 Bb7 15. Qb2 a4 16. Bd3 Nf8 17. Ne2 Ne6 18. Qxe5 Qc8 19. Qh2 c5 20. e5 Nd7 21. Bxb5 Bxf3 22. Rxd7 Rxd7 23. Bxd7 Qxd7 24. gxf3 Qb5 25. Ng3 cxb4 26. f4 bxa3 27. Qg2 Rb8 28. Rxa3 Bf8 29. Ra1 a3 30. Kh2 Qb2 31. Qh1 a2 32. Ne2 Qxc2 33. Nc1 Rb2 34. Qa8 Qc3 35. Qg2 Bc5 36. Bxc5 Nxc5 37. Qg3 Qd2 38. Rxa2 Rxa2 39. Nxa2 Qxa2 40. Kg2 Qc2 41. Qe3 Ne6 42. h4 h5 43. Kg3 Ng7 44. Qf3 Nf5+ 45. Kh3 Nd4 46. Qe3 Qd1 47. Kg2 Nf5 48. Qh3 Qg4+ 49. Kh2 Qxf4+ 0-1

[Event "FICGS W-ch st1 g01 email"]
[Site "FICGS email"]
[Date "2015.07.02"]
[Round "1"]
[White "Wilson, Norman"]
[Black "Tkac, Matus"]
[Result "1/2-1/2"]
[WhiteElo "2156"]
[BlackElo "1999"]
[PlyCount "54"]
[EventDate "2015.??.??"]
[EventType "tourn (corr)"]
[EventRounds "8"]
[SourceTitle "Corr 2022"]
[Source "ChessBase"]
[SourceDate "2021.10.24"]
[SourceVersion "1"]
[SourceVersionDate "2021.10.24"]
[SourceQuality "1"]

1. d4 Nf6 2. c4 g6 3. Nc3 d5 4. cxd5 Nxd5 5. e4 Nxc3 6. bxc3 Bg7 7. Bb5+ c6 8. Ba4 0-0 9. Ne2 b5 10. Bb3 a5 11. 0-0 Nd7 12. e5 e6 13. Ng3 c5 14. Ne4 Bb7 15. Nd6 Bc6 16. a4 b4 17. cxb4 axb4 18. f4 cxd4 19. Qxd4 Bd5 20. Qxb4 Nxe5 21. fxe5 Bxe5 22. Bf4 Bxf4 23. Rxf4 Bxb3 24. Nxf7 Rxf7 25. Rxf7 Kxf7 26. Rf1+ Kg7 27. Qxb3 Qd4+ 1/2-1/2

[Event "FICGS W-ch st2 g01 email"]
[Site "FICGS email"]
[Date "2014.12.09"]
[Round "1"]
[White "Tkac, Matus"]
[Black "Burden, Don"]
[Result "0-1"]
[WhiteElo "2186"]
[BlackElo "2293"]
[PlyCount "24"]
[EventDate "2014.??.??"]
[EventType "tourn (corr)"]
[EventRounds "8"]
[SourceTitle "Corr 2022"]
[Source "ChessBase"]
[SourceDate "2021.10.24"]
[SourceVersion "1"]
[SourceVersionDate "2021.10.24"]
[SourceQuality "1"]

1. Nf3 c5 2. c4 Nc6 3. d4 cxd4 4. Nxd4 Nf6 5. g3 e5 6. Nb5 Bb4+ 7. N1c3 d6 8. a3 Bxc3+ 9. Nxc3 Be6 10. Bg5 Bxc4 11. Rc1 0-0 12. Bg2 Rc8 0-1

[Event "FICGS class M 000068 email"]
[Site "FICGS email"]
[Date "2014.06.30"]
[Round "1"]
[White "Soszynski, Marek J"]
[Black "Tkac, Matus"]
[Result "1-0"]
[WhiteElo "2262"]
[BlackElo "2202"]
[PlyCount "49"]
[EventDate "2014.??.??"]
[EventType "tourn (corr)"]
[EventRounds "6"]
[SourceTitle "Corr 2022"]
[Source "ChessBase"]
[SourceDate "2021.10.24"]
[SourceVersion "1"]
[SourceVersionDate "2021.10.24"]
[SourceQuality "1"]

1. d4 Nf6 2. Bg5 c5 3. d5 Ne4 4. Bf4 Qb6 5. Bc1 g6 6. f3 Nd6 7. e4 Bg7 8. c3 0-0 9. h4 h6 10. a4 f5 11. a5 Qc7 12. e5 Nf7 13. f4 h5 14. Bc4 d6 15. e6 Nh6 16. Qa4 Ng4 17. Nh3 Na6 18. Na3 b6 19. Nb5 Qb8 20. 0-0 Bb7 21. Qb3 bxa5 22. Rxa5 Nc7 23. Nxc7 Qxc7 24. Qa2 Rfb8 25. Nf2 1-0

[Event "FICGS class M 000068 email"]
[Site "FICGS email"]
[Date "2014.06.30"]
[Round "1"]
[White "Tkac, Matus"]
[Black "Grammatica, Andrea"]
[Result "0-1"]
[WhiteElo "2202"]
[BlackElo "2247"]
[PlyCount "32"]
[EventDate "2014.??.??"]
[EventType "tourn (corr)"]
[EventRounds "6"]
[SourceTitle "Corr 2022"]
[Source "ChessBase"]
[SourceDate "2021.10.24"]
[SourceVersion "1"]
[SourceVersionDate "2021.10.24"]
[SourceQuality "1"]

1. e4 c5 2. Nf3 d6 3. Bb5+ Bd7 4. Bxd7+ Qxd7 5. 0-0 Nf6 6. Re1 Nc6 7. b3 g6 8. c3 Bg7 9. d4 cxd4 10. cxd4 d5 11. e5 Ne4 12. Bb2 0-0 13. Nbd2 Nxd2 14. Qxd2 Rfc8 15. Rac1 Nd8 16. h3 Ne6 0-1

[Event "FICGS W-ch st1 g01 email"]
[Site "FICGS email"]
[Date "2014.03.03"]
[Round "1"]
[White "Duenas, Alexis"]
[Black "Tkac, Matus"]
[Result "0-1"]
[WhiteElo "1879"]
[BlackElo "2154"]
[PlyCount "98"]
[EventDate "2014.??.??"]
[EventType "tourn (corr)"]
[EventRounds "8"]
[SourceTitle "Corr 2022"]
[Source "ChessBase"]
[SourceDate "2021.10.24"]
[SourceVersion "1"]
[SourceVersionDate "2021.10.24"]
[SourceQuality "1"]

1. d4 Nf6 2. c4 e6 3. Nc3 Bb4 4. Qc2 c5 5. dxc5 0-0 6. Nf3 Na6 7. g3 Nxc5 8. Bg2 Nce4 9. 0-0 Nxc3 10. bxc3 Bc5 11. e4 d6 12. e5 dxe5 13. Nxe5 Bd6 14. Qe2 Qc7 15. Bf4 Ne8 16. c5 Qxc5 17. c4 Qc7 18. Rab1 f6 19. Nd3 Rb8 20. c5 Bxf4 21. Nxf4 Qf7 22. Qd2 g5 23. Nd3 Qc7 24. Rb3 Bd7 25. Rfb1 Bc6 26. Bxc6 Qxc6 27. Nb4 Qa4 28. Qe2 Nc7 29. Qf3 Rf7 30. Nc6 Re8 31. Rxb7 g4 32. Rxa7 Na6 33. Rxa6 Qxa6 34. Qxg4+ Rg7 35. Qe4 f5 36. Nb4 fxe4 37. Nxa6 Ra7 38. Rb6 Rea8 39. Nb4 Kf7 40. Kf1 h6 41. Ke2 Ra3 42. h4 R8a5 43. c6 Rc3 44. Rb7+ Kf6 45. g4 Rc4 46. c7 Ke5 47. Rb6 Rac5 48. Na6 Rc2+ 49. Kf1 R5c4 0-1

[Event "FICGS W-ch st1 g01 email"]
[Site "FICGS email"]
[Date "2014.03.03"]
[Round "1"]
[White "Tkac, Matus"]
[Black "Fabris, Alberto"]
[Result "1-0"]
[WhiteElo "2154"]
[BlackElo "2017"]
[PlyCount "39"]
[EventDate "2014.??.??"]
[EventType "tourn (corr)"]
[EventRounds "8"]
[SourceTitle "Corr 2022"]
[Source "ChessBase"]
[SourceDate "2021.10.24"]
[SourceVersion "1"]
[SourceVersionDate "2021.10.24"]
[SourceQuality "1"]

1. e4 d5 2. exd5 Qxd5 3. Nc3 Qa5 4. d4 c6 5. Bc4 Bf5 6. Bd2 e6 7. g4 Bg6 8. Qe2 Nf6 9. f4 Be7 10. d5 cxd5 11. Nxd5 Qd8 12. Nxf6+ gxf6 13. 0-0-0 Qc7 14. f5 exf5 15. Nh3 Nc6 16. Bf4 Qc8 17. Bh6 fxg4 18. Nf4 Qf5 19. Rhe1 a6 20. Rd5 1-0

[Event "FICGS class A 000135 email"]
[Site "FICGS email"]
[Date "2013.02.02"]
[Round "1"]
[White "Wilson, Norman"]
[Black "Tkac, Matus"]
[Result "1/2-1/2"]
[WhiteElo "2078"]
[BlackElo "2000"]
[PlyCount "49"]
[EventDate "2013.??.??"]
[EventType "tourn (corr)"]
[EventRounds "6"]
[SourceTitle "Corr 2022"]
[Source "ChessBase"]
[SourceDate "2021.10.24"]
[SourceVersion "1"]
[SourceVersionDate "2021.10.24"]
[SourceQuality "1"]

1. d4 Nf6 2. c4 e6 3. Nc3 Bb4 4. e3 0-0 5. Bd3 c5 6. Nge2 d5 7. a3 dxc4 8. Bxc4 Bxc3+ 9. bxc3 b6 10. 0-0 Bb7 11. f3 Nc6 12. e4 Rc8 13. Qd3 Na5 14. Ba2 h6 15. Bf4 Re8 16. Bg3 Qd7 17. Bb1 Nh7 18. Rd1 Nf8 19. dxc5 Qxd3 20. Bxd3 Nb3 21. Rab1 Nxc5 22. Bb5 Bc6 23. Bxc6 Rxc6 24. Nd4 Rcc8 25. Nb5 1/2-1/2